000 00838nam a2200229Ia 4500
003 GCL
008 140319s9999 xx 000 0 ara d
040 _aGCL /
_cGCL
082 0 4 _aق
_b579.4
_bه ت
245 1 0 _aالتحنيط فى مصرالقديمة والاحتفال بمرور مائة عام على الكشف عن الموميات الملكية بالدير البحرى
300 _a23 ص
490 _a
650 0 4 _aمصر القديمة
650 0 4 _aالمتحف المصرى
650 0 4 _aالتحنيط عند الفراعنة
650 0 4 _aالمومياءات
650 0 4 _aالبعث (الديانة المصرية القديمة
650 0 4 _aالطب المصرى القديم
650 0 4 _aالدير البحرى ( الاقصر )
650 0 4 _aالاقصر، البر الغربى
942 _2ddc
_cBK
999 _c38044
_d38044